[Event "AUTO-OPEN-344"]
[Site "http://www.queenalice.com/game.php?id=91674"]
[Date "2006.8.1"]
[Round "1"]
[White "krejzifrik"]
[Black "sandramguziviak"]
[Result "1-0"]
[WhiteElo "1460"]
[BlackElo "1242"]

1. d4 d5 2. g3 e6 3. Bh3 Nf6 4. Bg5 Nc6 5. Nf3 Be7 6. Ne5 h6 7. Nxc6 bxc6 8. Qd3
hxg5 9. O-O O-O 10. Nc3 c5 11. dxc5 Bxc5 12. Qb5 Qd6 13. e3 Rb8 14. Qxb8 Qb6 15.
Qxb6 cxb6 16. Rad1 Bb7 17. a3 d4 18. exd4 Bd6 19. Nb5 Ne4 20. Nxd6 Nxd6 21. b3
Be4 22. c4 g4 23. Bxg4 a6 24. c5 bxc5 25. dxc5 Nb5 26. a4 Nc3 27. Rd4 Ne2+ 28.
Bxe2 Bd5 29. Bxa6 Rb8 30. b4 Ra8 31. Bb5 Ra5 32. bxa5 Kh7 33. c6 g6 34. c7 Bb7
35. a6 f5 36. axb7 Kh6 37. c8=Q Kh5 38. Qxe6 Kh6 39. b8=Q Kg5 40. Qf4+ Kh5 41.
Qh4# 1-0

[Event "AUTO-OPEN-344"]
[Site "http://www.queenalice.com/game.php?id=91675"]
[Date "2006.8.1"]
[Round "1"]
[White "sandramguziviak"]
[Black "krejzifrik"]
[Result "0-1"]
[WhiteElo "1067"]
[BlackElo "1343"]

1. e4 d5 2. f3 dxe4 3. fxe4 e6 4. b3 Nf6 5. Nf3 Nxe4 6. Bb2 Bc5 7. Bxg7 Rg8 8.
Bb5+ c6 9. Be5 Rxg2 10. d4 Bb4+ 11. Kf1 Rf2+ 12. Kg1 cxb5 13. c3 Nc6 14. Nbd2
Bxc3 15. Nxe4 Bxa1 16. Qe1 Rxa2 17. d5 exd5 18. Bf6 Qd7 19. Nc5+ Ne7 20. Ne4
Qg4+ 21. Ng3 Bxf6 22. Qd1 Ra1 23. h3 Qxg3+ 24. Kf1 Rxd1+ 25. Ke2 Rxh1 26. Ke3
Qxh3 27. Kd3 Qxf3+ 28. Kc2 Rh2+ 29. Kb1 Qf1# 0-1

[Event "Challenge"]
[Site "http://www.queenalice.com/game.php?id=97638"]
[Date "2006.8.19"]
[Round "-"]
[White "guerreiro_de_Deus"]
[Black "krejzifrik"]
[Result "0-1"]
[WhiteElo "1171"]
[BlackElo "1352"]

1. e4 d5 2. Bd3 d4 3. Ne2 e5 4. O-O Nf6 5. c3 Bc5 6. b4 Bd6 7. cxd4 exd4 8. Nxd4
O-O 9. Ba3 Ng4 10. h3 Nh2 11. Re1 Qg5 12. Nf3 Nxf3+ 13. Qxf3 Be5 14. b5 Bxa1 0-1

[Event "Challenge"]
[Site "http://www.queenalice.com/game.php?id=97653"]
[Date "2006.8.20"]
[Round "-"]
[White "feio23"]
[Black "krejzifrik"]
[Result "0-1"]
[WhiteElo "1019"]
[BlackElo "1328"]

1. c3 d5 2. d3 c5 3. g3 e5 4. Nf3 e4 5. Ne5 Qe7 6. Nxf7 Qxf7 7. e3 Qf3 8. Rg1
Qxd1+ 9. Kxd1 Bg4+ 10. Be2 Bxe2+ 11. Kxe2 exd3+ 12. Kxd3 c4+ 13. Kd4 Ne7 14. Kc5
Na6+ 15. Kb5 Nc7+ 16. Kb4 Nc6+ 17. Ka4 b5# 0-1

[Event "Challenge"]
[Site "http://www.queenalice.com/game.php?id=105801"]
[Date "2006.9.14"]
[Round "-"]
[White "krejzifrik"]
[Black "feio23"]
[Result "1-0"]
[WhiteElo "1447"]
[BlackElo "1178"]

1. d4 Nc6 2. e4 e5 3. d5 Nce7 4. b3 b6 5. c4 Nf6 6. Qf3 Ng6 7. Bb2 Ba6 8. Na3 c6
9. O-O-O Bb4 10. Nc2 c5 11. Nxb4 cxb4 12. g3 Rc8 13. Nh3 Rc7 14. d6 Rc8 15. Ng5
b5 16. Kb1 Qb6 17. cxb5 Bb7 18. Bc4 a6 19. Nxf7 Rf8 20. Bxe5 a5 21. Bxf6 a4 22.
bxa4 b3 23. Bxg7 bxa2+ 24. Bxa2 Qa7 25. Bxf8 Qxa4 26. Bb3 Qa3 27. Bg7 Rc5 28.
Ng5 Ne5 29. Qh5+ Kd8 30. Nf7+ Kc8 31. Rc1 Bxe4+ 32. Rc2 Bxc2+ 33. Bxc2 Qb4+ 34.
Kc1 Qa3+ 35. Kd1 Qa1+ 36. Kd2 Qxh1 37. Nxe5 Rxb5 38. Qe8+ Kb7 39. Qxd7+ Kb6 40.
Nc4+ Kc5 41. Qc7+ Kb4 42. Bc3# 1-0

[Event "AUTO-OPEN-393"]
[Site "http://www.queenalice.com/game.php?id=107864"]
[Date "2006.9.19"]
[Round "1"]
[White "Kritikos"]
[Black "krejzifrik"]
[Result "1-0"]
[WhiteElo "1689"]
[BlackElo "1361"]

1. d4 d6 2. e4 f5 3. Nc3 fxe4 4. Nxe4 Bf5 5. Bd3 Nc6 6. Nf3 e5 7. dxe5 Nxe5 8.
Bg5 Nf6 9. Nxf6+ gxf6 10. Nxe5 Bxd3 11. Qh5+ Ke7 12. Qf7# 1-0

[Event "AUTO-OPEN-393"]
[Site "http://www.queenalice.com/game.php?id=107865"]
[Date "2006.9.19"]
[Round "1"]
[White "krejzifrik"]
[Black "Kritikos"]
[Result "1/2-1/2"]
[WhiteElo "1432"]
[BlackElo "1658"]

1. e4 c5 2. d4 cxd4 3. Qxd4 Nc6 4. Qd3 Ne5 5. Qc3 d6 6. Bf4 f6 7. Bb5+ Bd7 8.
Bxd7+ Qxd7 9. Nf3 Rc8 10. Qb3 g6 11. O-O Bh6 12. Nxe5 fxe5 13. Bxh6 Nxh6 14. c3
e6 15. Na3 Nf7 16. Nb5 O-O 17. Nxa7 Rc5 18. c4 Ng5 19. f3 d5 20. cxd5 Kg7 21.
dxe6 Nxe6 22. Rac1 Rb8 23. Rxc5 Nxc5 24. Qb5 Qxb5 25. Nxb5 b6 26. b4 1/2-1/2

[Event "AUTO-OPEN-393"]
[Site "http://www.queenalice.com/game.php?id=107886"]
[Date "2006.9.19"]
[Round "1"]
[White "rocato"]
[Black "krejzifrik"]
[Result "1-0"]
[WhiteElo "1813"]
[BlackElo "1449"]

1. e4 d5 2. exd5 Qxd5 3. Nc3 Qe6+ 4. Nge2 Nc6 5. g3 Bd7 6. Bg2 O-O-O 7. O-O Nf6
8. d3 Ng4 9. Ne4 f5 10. Nc5 Qe5 11. Nxd7 Rxd7 12. Re1 Nd4 13. Nf4 Nxf2 14. Kxf2
Qd6 15. c3 e5 16. cxd4 exf4 17. Bxf4 Qxd4+ 18. Be3 Qxb2+ 19. Kg1 Bb4 20. Qf3
Bxe1 21. Rxe1 Rxd3 22. Qxf5+ Rd7 23. Rd1 Rd8 24. Bh3 b6 25. Rxd7 Rxd7 26. Qxd7+
Kb7 27. Bg2+ Kb8 28. Qd8# 1-0

[Event "AUTO-OPEN-393"]
[Site "http://www.queenalice.com/game.php?id=107887"]
[Date "2006.9.19"]
[Round "1"]
[White "krejzifrik"]
[Black "rocato"]
[Result "0-1"]
[WhiteElo "1456"]
[BlackElo "1875"]

1. d4 Nf6 2. f3 g6 3. e4 d6 4. Nc3 Bg7 5. Nd5 O-O 6. Nxf6+ Bxf6 7. f4 Nc6 8. d5
Nb8 9. f5 gxf5 10. exf5 Bxf5 11. Nf3 e5 12. dxe6 fxe6 13. Bd3 Bg7 14. Bg5 Qe8
15. O-O Nd7 16. Bxf5 Rxf5 17. h4 Qg6 18. c3 Raf8 19. g4 Rd5 20. Nd4 c5 21. Rxf8+
Nxf8 22. Qf3 cxd4 23. cxd4 Bxd4+ 24. Kg2 h6 25. Be7 Bg7 26. Rf1 Rf5 27. h5 Rxf3
28. Kxf3 Qf7+ 29. Kg2 Qxe7 30. b4 Be5 31. a4 Qh4 32. Kf3 Nh7 33. Rg1 Ng5+ 34.
Ke2 Qh2+ 35. Kf1 Qd2 36. b5 Ne4 37. Rg2 Qd1# 0-1

[Event "AUTO-OPEN-393"]
[Site "http://www.queenalice.com/game.php?id=107900"]
[Date "2006.9.19"]
[Round "1"]
[White "krejzifrik"]
[Black "Junior_Colegiao"]
[Result "1-0"]
[WhiteElo "1401"]
[BlackElo "1377"]

1. c4 e5 2. d4 exd4 3. Qxd4 Nc6 4. Qe4+ Be7 5. e3 Nf6 6. Qf3 d6 7. h3 O-O 8. Bd3
Ne5 9. Qe2 Nxd3+ 10. Qxd3 Re8 11. Nf3 g6 12. b4 Bf8 13. O-O Bg7 14. Bb2 Bf5 15.
Qd1 a5 16. b5 d5 17. c5 c6 18. b6 Qe7 19. Re1 Qxc5 20. Na3 Qxb6 21. Qb3 Qxb3 22.
axb3 1-0

[Event "AUTO-OPEN-393"]
[Site "http://www.queenalice.com/game.php?id=107901"]
[Date "2006.9.19"]
[Round "1"]
[White "Junior_Colegiao"]
[Black "krejzifrik"]
[Result "0-1"]
[WhiteElo "1377"]
[BlackElo "1363"]

1. e4 d5 2. exd5 Qxd5 3. Nc3 Qe5+ 4. Be2 Bf5 5. Nf3 Qe6 6. O-O Nc6 7. d4 Qd6 8.
Nb5 Qd7 9. Bf4 O-O-O 10. c3 e6 11. Nxc7 Bd6 12. Bxd6 Qxd6 13. Nb5 Qd5 14. Qd2
Nf6 15. c4 Qe4 16. Ng5 Rhf8 17. Nxe4 Nxe4 18. Qf4 Rd7 19. d5 g6 20. dxc6 bxc6
21. Nc3 Nxc3 0-1

[Event "AUTO-OPEN-431"]
[Site "http://www.queenalice.com/game.php?id=121867"]
[Date "2006.10.26"]
[Round "1"]
[White "bleve"]
[Black "krejzifrik"]
[Result "1-0"]
[WhiteElo "1626"]
[BlackElo "1454"]

1. e4 d5 2. e5 e6 3. d4 b6 4. Nf3 c5 5. Nc3 c4 6. Be3 g6 7. a3 Ba6 8. b3 b5 9.
b4 Nh6 10. Ne2 Ng4 11. c3 Nxe3 12. fxe3 Bh6 13. Nf4 Bxf4 14. exf4 f6 15. a4 fxe5
16. fxe5 Nd7 17. a5 g5 18. g4 1-0

[Event "AUTO-OPEN-431"]
[Site "http://www.queenalice.com/game.php?id=121868"]
[Date "2006.10.26"]
[Round "1"]
[White "krejzifrik"]
[Black "bleve"]
[Result "0-1"]
[WhiteElo "1465"]
[BlackElo "1616"]

1. e3 e5 2. f4 e4 3. Nc3 Nf6 4. d3 d5 5. d4 Bb4 6. a3 Bxc3+ 7. bxc3 Nc6 8. Nh3
Ng4 9. Be2 Qh4+ 10. Kf1 Qf2+ 11. Nxf2 Nf6 12. Ng4 h5 13. Nxf6+ gxf6 14. c4 Be6
15. Bxh5 dxc4 16. Bb2 O-O-O 17. c3 f5 18. a4 Na5 19. g4 fxg4 0-1

[Event "AUTO-OPEN-431"]
[Site "http://www.queenalice.com/game.php?id=121885"]
[Date "2006.10.26"]
[Round "1"]
[White "krejzifrik"]
[Black "csadler"]
[Result "0-1"]
[WhiteElo "1462"]
[BlackElo "1826"]

1. d4 f5 2. Bf4 Nf6 3. f3 e6 4. Be5 d6 5. Bxf6 Qxf6 6. g3 Be7 7. c3 O-O 8. e4
fxe4 9. f4 e5 10. dxe5 dxe5 11. Qd5+ Be6 12. Qxe4 exf4 13. Qxb7 fxg3 14. hxg3
Qf2+ 15. Kd1 Qxf1+ 16. Kc2 Rf2+ 17. Ne2 Rxe2+ 18. Nd2 Qf5+ 19. Kd1 Bd5 20. Rf1
Rxd2+ 21. Kxd2 Bg5+ 22. Ke2 Qg4+ 23. Ke1 Bxb7 24. Kf2 Nc6 25. b4 Rf8+ 26. Kg2
Ne5+ 27. Kh2 Qe2+ 28. Kh3 Rxf1 29. Rxf1 Qxf1+ 30. Kh2 Nf3# 0-1

[Event "AUTO-OPEN-431"]
[Site "http://www.queenalice.com/game.php?id=121886"]
[Date "2006.10.26"]
[Round "1"]
[White "csadler"]
[Black "krejzifrik"]
[Result "1-0"]
[WhiteElo "1788"]
[BlackElo "1468"]

1. Nf3 d5 2. b3 f6 3. d4 Nc6 4. Bf4 e5 5. dxe5 fxe5 6. Nxe5 Nxe5 7. Bxe5 Bf5 8.
g3 Qe7 9. Bb2 O-O-O 10. Bg2 c6 11. O-O Nf6 12. Nc3 h5 13. h4 Ne4 14. Nxe4 Bxe4
15. Bxe4 Qxe4 16. Qd3 Qxd3 17. exd3 Re8 18. Rae1 Rxe1 19. Rxe1 Bc5 20. Bxg7 Rg8
21. Bf6 Rf8 22. d4 Rxf6 23. dxc5 a5 24. Re5 Rh6 25. Kg2 Kc7 26. Kh3 b6 27. cxb6+
Kxb6 28. g4 hxg4+ 29. Kxg4 Rg6+ 30. Rg5 Rf6 31. f4 d4 32. h5 c5 33. Rg6 Rxg6+
34. hxg6 Kb5 35. g7 a4 36. g8=Q axb3 37. axb3 Kb4 38. Qc4+ 1-0